Word Ladder: Football Study Guide Quiz Stats

 Plays Quiz Updated Sep 17, 2017

Score 0/12 Timer 01:30
0 Plays Today
Clue 4-Letter Word % Correct
Kill the dragon SLAY
97.9%
A collection of written acts and scenes•PLAY•
97.7%
Hammer or screwdriver, e.g.TOOL
95.2%
Minestrone or chowder, e.g.SOUP
95.1%
The eyes are the windows into thisSOUL
94.2%
Rock side to side SWAY
94.1%
A sports penaltyFOUL
93%
Need for hand washingSOAP
91.8%
Exchange SWAP
91.3%
TrickFOOL
90%
Grabbed TOOK
87.6%
To enter charges against a criminal•BOOK•
76.3%

Today's Daily Dose

You're not logged in!

Compare scores with friends on all Sporcle quizzes.
OR
Log In

You Might Also Like...

Show Comments

Extras

Top Quizzes Today


Score Distribution

Your Account Isn't Verified!

In order to create a playlist on Sporcle, you need to verify the email address you used during registration. Go to your Sporcle Settings to finish the process.

Report this User

Report this user for behavior that violates our Community Guidelines.

Details: